000 00392cam a2200169ua 4500
001 535
008 160725n II |||gr||||Z||||||eng
040 _aMAIN
041 _aEnglish
082 _a821 POE
100 _aARNOLD, MATTHEW.,
_eEDITOR.,
245 _aPOEMS OF WORDSWORTH
260 _a[s.l]:
_bMACMILLAN & CO. LTD.,
_c1963.
300 _c20CM.
653 _aEnglish poetry
942 _cBK
999 _c535
_d535